Liečiteľ

Bibliographic Details
Other Authors: Zorgovská, Gabriela (Publishing director)
Format: Journal
Language:Slovak
PhysicalDescription:zv. 28-30 cm
Published: Bratislava GK Invest, s.r.o. 2011-
ISSN:1338-6077
Subjects:

MARC

LEADER 00000cas a2200000 a 4500
001 vtls010689792
003 SK-MaSNL
005 20260228162013.0
008 170222c20119999xo mr p 0 b0slo
022 |a 1338-6077 
040 |a SNK  |b slo  |c SNK  |e AACR2 
041 0 |a slo 
044 |a xo  |c SK 
072 7 |a 615.8  |x Fyzioterapia. Psychoterapia. Alternatívna medicína  |2 konspekt 
080 |a 615.89  |2 2011 
080 |a 615.8  |2 2011 
080 |a 582.099  |2 2011 
080 |a 633/635.052  |2 2011 
080 |a 615.8-051  |2 2001 
080 |a 050  |2 2001 
080 |a (051)-048.55  |2 2011 
210 0 |a Liečiteľ 
222 0 |a Liečiteľ 
245 0 0 |a Liečiteľ 
260 |a Bratislava  |b GK Invest, s.r.o.  |c 2011- 
300 |a zv.  |c 28-30 cm 
310 |a 1x mesačne 
362 0 |a [2011]- 
500 |a Od č. 8/2015-2/2016 rozmer zv. 28 cm 
500 |a Popis podľa: Roč. 2, č. 3 (2012) 
500 |a Šéfred.: 2017- , Gabriela Zorgovská 
500 |a Evidenčné číslo: EV 4480/11 
515 |a Niektoré čísla vychádzajú ako dvojčíslo 
515 |a S posledným číslom vychádza prvé číslo nasledujúceho roku 12/1 
650 0 7 |a ľudové liečiteľstvo  |2 SNKPH  |9 1145 
650 0 7 |a liečiteľstvo  |2 SNKPH  |9 71652 
650 0 7 |a byliny  |2 SNKPH  |9 20013 
650 0 7 |a liečitelia  |2 SNKPH  |9 24162 
655 7 |a špecializované časopisy  |2 SNKPH  |9 70509 
700 1 |a Zorgovská, Gabriela  |4 pbd  |9 268526 
910 |a snk 
999 |c 6399  |d 8329 
952 |0 0  |1 0  |4 0  |7 0  |8 0  |a SNK  |b SNK  |d 2021-09-29  |i snk2021/14122  |l 0  |o snkČSB 6339/10/2020-2021  |p 17A1460713  |r 2026-02-21 20:00:51  |t č. 2-12/1, neúplné  |w 2026-02-21  |y PREZ  |z Chýba č. 5,7,8 
952 |0 0  |1 0  |4 0  |7 0  |8 0  |a SNK  |b SNK  |d 2022-12-13  |i snk2022/18806  |l 0  |o snkČSB 6339/10/2020-2021 D1  |p 17A1465150  |r 2026-02-21 20:02:05  |t č. 2-12/1, neúplné  |w 2026-02-21  |y PREZ  |z Chýba č. 5, 7, 8 
952 |0 0  |1 0  |4 0  |7 0  |8 0  |a SNK  |b SNK  |d 2022-12-14  |i snk2022/18824  |l 0  |o snkČSB 6339/11-12/2021-2022  |p 17A1465151  |r 2026-02-21 20:11:56  |t č. 2/12/1  |w 2026-02-21  |y PREZ 
952 |0 0  |1 0  |4 0  |7 0  |8 0  |a SNK  |b SNK  |d 2022-12-14  |i snk2022/18826  |l 0  |o snkČSB 6339/11-12/2021-2022 D1  |p 17A1465152  |r 2026-02-21 20:11:56  |t č. 2-12/1  |w 2026-02-21  |y PREZ 
952 |0 0  |1 0  |4 0  |7 0  |8 1  |a SNK  |b SNK  |d 2017-02-21  |i snkD 2017/4577  |l 0  |o snkČSB 6339/2/2012  |p 17A1205386  |r 2026-02-21 21:55:06  |t č. 2-12, neúplné  |w 2026-02-21  |y PREZ  |z Chýba č. 2, 4, 8-12 
952 |0 0  |1 0  |4 0  |7 0  |8 0  |a SNK  |b SNK  |d 2017-02-21  |i snk2017/4579  |l 0  |o snkČSB 6339/3/2013  |p 17A1205387  |r 2026-02-21 21:55:06  |t č. 2-12, neúplné  |w 2026-02-21  |y PREZ  |z Chýba č. 4-12 
952 |0 0  |1 0  |4 0  |7 0  |8 0  |a SNK  |b SNK  |d 2017-02-21  |i snk2017/4770  |l 0  |o snkČSB 6339/4/2014  |p 17A1205388  |r 2026-02-21 21:55:35  |t č. 1-12, neúplné  |w 2026-02-21  |y PREZ  |z Chýba č. 1-6, 10, 12 
952 |0 0  |1 0  |4 0  |7 0  |8 0  |a SNK  |b SNK  |d 2017-02-21  |i snk2017/4777  |l 0  |o snkČSB 6339/5/2015  |p 17A1205389  |r 2026-02-21 21:55:35  |t č. 1-12  |w 2026-02-21  |y PREZ 
952 |0 0  |1 0  |4 0  |7 0  |8 0  |a SNK  |b SNK  |d 2017-02-21  |i snk2017/4784  |l 0  |o snkČSB 6339/6/2016  |p 17A1205390  |r 2026-02-21 21:55:38  |t č. 1-12, neúplné  |w 2026-02-21  |y PREZ  |z Chýba č. 10 
952 |0 0  |1 0  |4 0  |7 0  |8 0  |a SNK  |b SNK  |d 2020-06-30  |i snk2020/11590  |l 0  |o snkČSB 6339/7/2017  |p 17A1430585  |r 2026-02-21 22:01:42  |t č. 1-10  |w 2026-02-21  |y PREZ 
952 |0 0  |1 0  |4 0  |7 0  |8 0  |a SNK  |b SNK  |d 2020-06-30  |i snk2020/11592  |l 0  |o snkČSB 6339/7/2017 D1  |p 17A1430584  |r 2026-02-21 22:01:42  |t č. 1-10  |w 2026-02-21  |y PREZ 
952 |0 0  |1 0  |4 0  |7 0  |8 0  |a SNK  |b SNK  |d 2020-06-30  |i snk2020/11594  |l 0  |o snkČSB 6339/8/2018-2019  |p 17A1430583  |r 2026-02-21 22:01:43  |t č. 1-12/1, neúplné  |w 2026-02-21  |y PREZ  |z S posledným číslom vychádza aj prvé číslo nasledujúceho roku ; Chýba č. 11 
952 |0 0  |1 0  |4 0  |7 0  |8 0  |a SNK  |b SNK  |d 2020-06-30  |i snk2020/11595  |l 0  |o snkČSB 6339/8/2018-2019 D1  |p 17A1430582  |r 2026-02-21 22:01:43  |t č. 1-12/1, neúplné  |w 2026-02-21  |y PREZ  |z S posledným číslom vychádza aj prvé číslo nasledujúceho roku ; Chýba č. 11 
952 |0 0  |1 0  |4 0  |7 0  |8 0  |a SNK  |b SNK  |d 2020-06-30  |i snk2020/11598  |l 0  |o snkČSB 6339/9/2019-2020  |p 17A1430581  |r 2026-02-21 22:01:44  |t č. 2-12/1  |w 2026-02-21  |y PREZ  |z S posledným číslom vychádza aj prvé číslo nasledujúceho roku ; Č. 1 vyšlo s posledným číslom predchádzajúceho roku 
952 |0 0  |1 0  |4 0  |7 0  |8 0  |a SNK  |b SNK  |d 2020-06-30  |i snk2020/11602  |l 0  |o snkČSB 6339/9/2019-2020 D1  |p 17A1430580  |r 2026-02-21 22:01:44  |t č. 2-12/1  |w 2026-02-21  |y PREZ  |z S posledným číslom vychádza prvé číslo nasledujúceho roku ; Č. 1 vyšlo s posledným číslom predchádzajúceho roku